| 000 | 01420cam a2200373 i 4500 | ||
|---|---|---|---|
| 001 | 12431853 | ||
| 003 | OSt | ||
| 005 | 20240713142224.0 | ||
| 008 | 010605s2001 nyu b 000 0 eng | ||
| 010 | _a 2001003404 | ||
| 020 | _a1559391650 (alk. paper) | ||
| 040 |
_aDLC _cDLC _dDLC |
||
| 041 | 1 |
_aeng _htib |
|
| 050 | 0 | 0 |
_aBQ7670.6.L34 _bS66 2001 |
| 082 | 0 | 0 |
_a294.3/420423 _221 |
| 100 | 0 |
_aSonam Rinchen, _d1933- |
|
| 245 | 1 | 0 |
_aEight verses for training the mind : _ban oral teaching / _cby Geshe Sonam Rinchen ; translated and edited by Ruth Sonam. |
| 250 | _a1st ed. | ||
| 264 |
_aIthaca, New York : _bSnow Lion Publications, _c2001. |
||
| 300 |
_a108 pages ; _c22 cm. |
||
| 336 |
_2rdacontent _atext _btxt |
||
| 337 |
_2rdamedia _aunmediated _bn |
||
| 338 |
_2rdacarrier _avolume _bnc |
||
| 500 | _aBased on Langri Tangpa's Blo sbyoṅ tshig brgyad ma. | ||
| 504 | _aIncludes bibliographical references. | ||
| 600 | 0 | 0 |
_aLangri Tangpa, _d1054-1123. _tBlo sbyoṅ tshig brgyad ma. |
| 650 | 0 | 0 |
_aSpiritual life _xBkaʼ-gdams-pa (Sect) |
| 650 | 0 |
_aBkaʼ-gdams-pa (Sect) _xDoctrines. |
|
| 700 | 1 |
_aSonam, Ruth, _d1943- |
|
| 700 | 0 | 2 |
_aLangri Tangpa, _d1054-1123. _tBlo sbyoṅ tshig brgyad ma. _lEnglish. |
| 906 |
_a7 _bcbc _corignew _d1 _eecip _f20 _gy-gencatlg |
||
| 942 |
_2LCS _cBOOK _n0 |
||
| 999 |
_c2202 _d2202 |
||